| 000 -LEADER |
| fixed length control field |
01609nam a22001577a 4500 |
| 008 - FIXED-LENGTH DATA ELEMENTS--GENERAL INFORMATION |
| fixed length control field |
210109b ||||| |||| 00| 0 eng d |
| 100 ## - MAIN ENTRY--PERSONAL NAME |
| Personal name |
Carter, Chris et al |
| 245 ## - TITLE STATEMENT |
| Title |
Strategic change, leadership and accounting: A triptych of organizational reform |
| 260 ## - PUBLICATION, DISTRIBUTION, ETC. (IMPRINT) |
| Place of publication, distribution, etc |
Public Administration |
| 300 ## - PHYSICAL DESCRIPTION |
| Extent |
98(1), 2020: p.62-91 |
| 520 ## - SUMMARY, ETC. |
| Summary, etc |
Strategic change in public sector organizations has been well documented. This article suggests that public management research would benefit from a greater appreciation of how calculative practices are deeply imbricated with, and constitutive of, organizational life. In turn, the article argues that the field of interdisciplinary accounting has much to learn from public administration, especially in terms of leadership. The overarching argument is that understanding strategic change in public organizations can be enhanced by bringing together insights from the academic fields of public administration and interdisciplinary accounting. In this respect, organizational reform can be understood as a triptych, involving strategic change, leadership and accounting practices. We illustrate this thesis through a case study of strategic change in the world's largest public service broadcaster—the British Broadcasting Corporation (BBC). It is shown how, during the tenure of one organizational leader—John Birt—accounting became pivotal to his leadership. - Reproduced
|
| 650 ## - SUBJECT ADDED ENTRY--TOPICAL TERM |
| Topical term or geographic name as entry element |
Public sector organizations, Public management, Leadership |
| 9 (RLIN) |
23603 |
| 773 ## - HOST ITEM ENTRY |
| Main entry heading |
Public Administration |
| 906 ## - LOCAL DATA ELEMENT F, LDF (RLIN) |
| Subject DIP |
PUBLIC SECTOR ENTERPRISES |
| 942 ## - ADDED ENTRY ELEMENTS (KOHA) |
| Item type |
Articles |